1497 1180 1985 1940 1682 1730 1831 1075 1691 1008 1439 1429 1206 1930 1170 1894 1425 1926 1425 1928 1297 1357 1496 1237 1065 1921 1739 1358 1201 1750 1786 1040 1717 1622 1832 1247 1207 1257 1036 1890 1741 1607 1159 1424 1252 1734 1817 1249 1741 1674 1421 1702 1525 1331 1454 1663 1031 1674 1235 1552 1272 1526 1060 1622 1647 1374 1217 1695 1034 1304 1247 1683 1238 1469 1455 1962 1307 1817 1263 1170 1735 1977 1620 1695 1699 1141 1967 1224 1180 1678 1715 1363 1126 1391 1618 1299 1104 1304 1948 BCNSPRNW ULIB Ver.6.0+V

เปลี่ยนเป็นภาษาไทย

Change to English
 แสดงรายละเอียดบรรณานุกรม
  กลับหน้าหลัก

Brief Record : Get Marc (ISO 2709) : E-mail record : QR code < ปิดหน้าต่าง
LEADER : 00000nam 2200000uu 4500
001    13399110972
003     ULIB
008    110614s||||||||th 000 0 tha d
020    9789741603015
050  4 AC158^bย382ว 2551
100 1  ยองจู, อัน
245 10 วิทยาศาสตร์ฉลาดรู้ เรื่อง สมอง /^cอันยองจู, เขียน ;ตรัยเทพ เกษศิลป์, แปล
250    พิมพ์ครั้งที่ 1
260    กรุงเทพฯ :^bอัมรินทร์คอมมิกส์,^c2551
300    197 หน้า :^bภาพประกอบ ;^c21 ซม.
440  0 ชุดวิทยาศาสตร์ฉลาดรู้ ;^vลำดับที่ 17
650  7 การ์ตูน
650  7 สมอง^xวรรณกรรมสำหรับเด็ก
650  7 วรรณกรรมเกาหลี
650  7 วรรณกรรมสำหรับเด็ก
700 0  ตรัยเทพ เกษศิลป์,^eผู้แปล
945    ^p199^l0^i024356
995    ทศพร
999 ^a ใช้งานได้ทุกระบบ
รายการนี้ยังไม่มีแท็ก
คุณยังไม่ได้ล็อกอิน คุณสามารถมีกิจกรรมร่วมกับเว็บไซต์ได้ แต่ต้องล็อกอินก่อน ::
  ล็อกอิน

รายการสื่อสารสนเทศ

ลำดับที่ ประเภท เลขเรียก/บาร์โค้ด สถานที่ สถานะ
- ไม่พบข้อมูล -

รายการใกล้เคียง
    ผู้แต่ง [ยองจู, อัน]

    หัวเรื่อง [การ์ตูน]
    หัวเรื่อง [วรรณกรรมเกาหลี]
    หัวเรื่อง [วรรณกรรมสำหรับเด็ก]

BibComment


ยังไม่เคยถูกคอมเมนท์

คอมเมนท์ทรัพยากรรายการนี้
  คอมเมนท์: วิทยาศาสตร์ฉลาดรู..


 Copyright 2026. Bcnsprnw @Library